Cities where FC Barcelona won Champions League finals - Statistics

General Stats
  • This quiz has been taken 19 times
  • The average score is 4 of 5
Answer Stats
Hint Answer % Correct
2015 Berlin
94%
2011 London
94%
1992 London
88%
2009 Rome
88%
2006 Paris
65%
No matching quizzes found
Score Distribution
Percent of People with Each Score
Percentile by Number Answered
Your Score History
You have not taken this quiz